[Event "FIDE Online-ch U14 Open 2020"]
[Site "Online"]
[Date "2020.12.19"]
[Round "1.3"]
[White "Yoo, Christopher Woojin"]
[Black "Toumi Mohamed-Jad"]
[Result "1-0"]
[WhiteElo "2455"]
[BlackElo "1824"]
[Annotator "TA"]
[PlyCount "73"]
[EventDate "2020.12.19"]
[EventType "k.o."]
[EventCountry "NET"]
[SourceTitle "playchess.com"]
[Source "ChessBase"]
[SourceQuality "1"]

{[%evp 9,73,11,12,12,28,29,31,27,32,33,34,41,59,43,54,49,57,62,57,45,66,68,64,61,70,48,59,14,18,14,19,0,32,36,79,76,108,106,111,104,116,105,112,104,143,147,147,141,142,118,210,169,478,467,1063,925,1323,1318,1304,1228,1291,1271,1121,1110,29992,29980]} 1. e4 g6 2. Nc3 Bg7 3. g3 d6 4. Bg2 Nf6 5. Nge2 O-O 6. O-O {B06: Modern Defence.} Nbd7 7. d3 e5 8. h3 {White is slightly better.} Nc5 9. Be3 Ne6 10. Qd2 a6 {[#]} 11. Bh6 $146 ({Predecessor:} 11. Kh2 c5 12. f4 exf4 13. Nxf4 Nxf4 14. Bxf4 Re8 15. Bg5 Re5 16. Kg1 Be6 17. Rf3 Rxg5 18. Qxg5 {1-0 (33) Hafenstein,A (2075)-Reiss,S Rodewisch 2000}) 11... c5 12. Bxg7 Kxg7 13. f4 b5 14. f5 Nc7 15. g4 h6 16. Nd1 g5 17. Qe3 Bb7 18. c4 a5 19. Ndc3 Ba6 20. b3 b4 (20... a4 $5) 21. Nd5 Nfxd5 22. exd5 {White now steadily converts the win.} f6 23. a4 Rh8 24. Ng3 Bc8 25. Be4 Bd7 26. Ra2 Be8 27. Rh2 Bf7 28. h4 Qd7 29. Rff2 Qd8 (29... Rh7 $16 {might work better.} 30. Rh3 (30. hxg5 hxg5 31. Rxh7+ Kxh7 $16) 30... Rah8) 30. Rh3 $18 Ne8 $2 (30... Qe7 {is tougher.} 31. Rfh2 Rag8) 31. Rfh2 Nc7 (31... Rg8 $142 32. Bg2 Ra7) 32. hxg5 fxg5 {[#]} 33. f6+ $1 {[%mdl 512]} Qxf6 34. Nf5+ Kf8 35. Rxh6 Rxh6 36. Rxh6 Qd8 37. Rxd6 {Weighted Error Value: White=0.06/Black=0.45} 1-0

[Event "FIDE Online-ch U14 Open 2020"]
[Site "Online"]
[Date "2020.12.19"]
[Round "1.3"]
[White "Khubukshanov, Erdem"]
[Black "Guo, Arthur"]
[Result "0-1"]
[WhiteElo "2293"]
[BlackElo "2358"]
[Annotator "TA"]
[PlyCount "174"]
[EventDate "2020.12.19"]
[EventType "k.o."]
[EventCountry "NET"]
[SourceTitle "playchess.com"]
[Source "ChessBase"]
[SourceQuality "1"]

{[%evp 9,174,-49,2,-15,-11,0,0,-19,-6,-71,-34,-55,-26,-117,-25,-36,-4,-80,-40,-87,-44,-44,-40,-50,-48,-25,84,81,64,60,60,65,103,-28,197,177,216,203,299,293,302,284,335,330,377,367,378,388,409,418,621,618,697,682,1423,1416,1217,366,374,373,418,418,408,406,410,410,470,456,715,574,585,589,575,562,559,564,564,564,558,554,536,531,554,568,541,539,560,428,553,537,516,336,369,369,369,369,369,354,354,354,354,328,318,80,635,635,662,636,608,608,608,593,560,560,509,432,6420,6420,29955,6420,5908,5622,29970,29971,29970,29972,29972,29971,29984,29975,29977,29978,29978,29979,29978,29979,29976,29977,29979,29977,29977,29974,29973,29974,29985,29976,29990,29971,29968,29965,29979,29980,29980,29976,29975,29974,29974,29975,29974,29970,29981,29963,29978,29975,29982,29983,29987]} 1. c4 Nf6 2. Nc3 e6 3. g3 d5 4. e3 Be7 5. Bg2 O-O (5... dxc4 $15 6. Qa4+ c6) 6. b3 {A17: English Opening: 1...Nf6 with ...Bb4.} c6 7. Nge2 b6 {[#]} 8. h4 $146 {The position is equal.} ({Predecessor:} 8. cxd5 cxd5 9. O-O Bb7 10. d4 Nbd7 11. Bb2 a6 12. f3 Rc8 13. Qd3 b5 14. a4 {0-1 (49) Ngo,N-Tran Thi Thu,T Da Nang 2008}) 8... Bb7 9. h5 (9. O-O $11) 9... Nbd7 10. h6 g6 $1 11. Bb2 (11. d4 $11 {keeps the balance.}) 11... e5 ({Black should try} 11... dxc4 $17 12. O-O cxb3 13. axb3 a5) 12. d4 e4 13. Qd2 (13. Nf4 $11 {remains equal.}) 13... a6 14. O-O-O Ng4 15. Nf4 {[%cal Rc4d5]} Ndf6 $1 16. f3 exf3 17. Bxf3 Bb4 (17... b5 $11) 18. Qe2 $16 Bxc3 19. Bxc3 Bc8 $1 20. Nd3 $1 $36 {[%cal Rd3e5][%mdl 2048] White fights for an advantage.} Bf5 {[#]} 21. Bb2 (21. Rh4 $1 $16) 21... Bxd3 $2 {White stays focused until the end.} (21... Qe7 $11 {and Black is okay.}) 22. Rxd3 $18 Qd7 23. Rh4 {[%cal Rf3g4]} Nxh6 (23... Qd6 {was worth a try.} 24. Kb1 (24. Bxg4 Qxg3 25. Rh2 Qxg4 $17) (24. Rxg4 Nxg4 25. Bxg4 Qxg3 $18) 24... Qxg3 25. Rxg4 Nxg4) 24. Rxh6 Rfe8 25. Rd1 Qe6 26. Re1 Qf5 27. Rh4 Qg5 28. Qf2 Rad8 29. Bc3 c5 (29... h5 $142 30. Kb2 Rd6) 30. dxc5 bxc5 31. cxd5 Nxd5 32. Bxd5 Rxd5 {[#]} 33. Qf6 $2 (33. Rxh7 $1 {[%csl Gh7][%cal Rf2f7][%mdl 512]} f6 (33... Kxh7 34. Rh1+) 34. Reh1 Qxe3+ 35. Qxe3 Rxe3 36. Rh8+ Kf7 37. R1h7+ Ke6 38. Re8+ Kd6 39. Rxe3) 33... Qxf6 34. Bxf6 Rf5 35. Rf4 Rxf4 36. gxf4 {[%mdl 4096] Endgame KRB-KR} Re6 37. Bc3 f6 38. e4 f5 (38... Kf7 $142 39. Kc2 Rd6) 39. e5 h6 40. Rd1 g5 41. fxg5 hxg5 42. Kd2 Kf7 43. Ke3 Rh6 44. Rd7+ Ke8 45. Rg7 Rh3+ 46. Kd2 g4 47. e6 {White threatens Bf6 and mate.} Rh6 48. Rg5 Rxe6 49. Rxf5 Rg6 50. Rf1 Kd7 51. Rg1 Ke6 52. Ke3 Kd5 53. Kf4 Re6 54. Rd1+ Kc6 55. Kxg4 Re3 56. Bd2 $2 (56. Be1 $18 {is more deadly.}) 56... Re2 $2 {[%mdl 8192]} (56... Rd3 $16) 57. Kf3 Re5 58. Bf4 Re8 59. Rd6+ Kb5 60. a4+ Kb4 61. Rb6+ {Cut Off at move 61} Kc3 62. Bg5 Rf8+ (62... a5 $142 63. Bf4 Kc2) 63. Ke4 Rg8 64. Bf6+ Kc2 65. Kd5 Rc8 66. Be7 {White mates.} Kc3 67. Bxc5 a5 68. Bd4+ Kc2 69. Rb5 Rd8+ 70. Kc4 Rc8+ 71. Rc5 Ra8 72. Bc3 Rf8 73. Rxa5 Rc8+ 74. Kb4 Re8 75. Rc5 Rb8+ 76. Ka3 Rxb3+ 77. Ka2 Rb8 78. Ba5+ Kd3 79. Bc7 Ra8 80. a5 Kd4 81. Rh5 Kc4 82. Bb6 Kb4 83. Rh4+ Kb5 84. Ka3 Ka6 85. Rh5 Rc8 86. Kb4 Rb8 87. Rh6 Kb7 {[%mdl 32768] Weighted Error Value: White=0.39/Black=0.45. Sensor Board Error (Ke4/e5)?} 0-1

[Event "FIDE Online-ch U14 Open 2020"]
[Site "Online"]
[Date "2020.12.19"]
[Round "1.4"]
[White "Hernandez Izquierdo, Jose A."]
[Black "Aditya Mittal"]
[Result "0-1"]
[WhiteElo "2054"]
[BlackElo "2438"]
[Annotator "TA"]
[PlyCount "92"]
[EventDate "2020.12.19"]
[EventType "k.o."]
[EventCountry "NET"]
[SourceTitle "playchess.com"]
[Source "ChessBase"]
[SourceQuality "1"]

{[%evp 21,92,-20,-13,-47,-24,-34,-35,-74,-46,-50,-27,-26,-12,-20,0,-16,0,-42,-41,-43,-46,-53,-41,-71,-7,-45,0,-53,-64,-64,-44,-57,-55,-47,0,-49,25,-101,-35,-52,-39,-341,-341,-2129,-1564,-29978,-29979,-29979,-29979,-29976,-29978,-29983,-29958,-29984,-29985,-29986,-1436,-29982,-29983,-29987,-29987,-29989,-29989,-29990,-29991,-29992,-29993,-29993,-29991,-29991,-29987,-29988,-29988]} 1. e4 c5 2. Nf3 d6 3. d4 cxd4 4. Nxd4 Nf6 5. Nc3 a6 6. f4 e5 7. Nf3 Nbd7 8. Bd3 Be7 9. O-O O-O 10. Kh1 b5 11. a3 Bb7 12. Bd2 {B93: Sicilian Najdorf: 6 f4.} Re8 13. Qe1 Bf8 {[#]} 14. Qf2 $146 {Black is slightly better.} ({Predecessor:} 14. Nh4 exf4 15. Bxf4 d5 16. e5 Bd6 17. Nf3 Ng4 18. Ng5 Ngf6 19. exf6 Rxe1 20. Bxh7+ {1-0 (30) Babiy,O (2228)-Beydullayeva,G (2263) chess.com INT 2020}) 14... Nc5 15. fxe5 $1 Ng4 16. Qg3 Nxe5 17. Nxe5 Rxe5 18. Rae1 Qd7 19. Bf4 Re6 20. b4 Nxd3 21. cxd3 Rc8 22. Rc1 Rg6 (22... d5 $17) 23. Qf3 f5 24. Ne2 (24. Qf2 $11) 24... fxe4 $15 25. dxe4 Re8 26. Ng3 Rf6 27. Qd3 Qg4 28. Qe3 Rfe6 (28... Qg6 $15) 29. Rfe1 (29. Qa7 $11 {remains equal.} Bxe4 30. Nxe4 (30. Bd2 Bg6 $15) 30... Rxe4 31. Bg3) 29... Kh8 ({Black should play} 29... Bxe4 $17 30. Nxe4 d5) 30. h3 Qg6 {[%cal Re6e4]} 31. e5 $2 {[%mdl 8192] This move loses the game for White.} (31. Qf2 $15) 31... dxe5 $19 32. Bxe5 $2 (32. Bg5) 32... Rxe5 33. Qxe5 Rxe5 34. Rxe5 Qxg3 {[%csl Gb7][%cal Rg3g2][%mdl 64] [#] Double Attack} 35. Re2 h6 36. Kg1 Kh7 37. Rf1 Bd6 38. Rf7 Bf4 (38... Qh2+ $142 39. Kf1 Qh1+ 40. Kf2 Qxg2+ 41. Ke3 Qg5+ 42. Kd4 Qd5+ {[%mdl 64] Double Attack} 43. Ke3 Qxf7 44. Rf2 Qb3+ {[%mdl 64] Double Attack} 45. Kd2 Be4 46. Rf1 Qd3+ 47. Ke1 Bg3+ 48. Rf2 Bf3 49. h4 Qe2# {[%mdl 64] Pin}) 39. Rxf4 Qxf4 {Black mates.} 40. a4 Qxb4 41. axb5 axb5 42. h4 Qxh4 43. g3 Qxg3+ 44. Kf1 Qf3+ 45. Ke1 {[#]} Qxe2+ $1 46. Kxe2 h5 {Accuracy: White = 31%, Black = 58%.} 0-1

[Event "FIDE Online-ch U14 Open 2020"]
[Site "Online"]
[Date "2020.12.19"]
[Round "1.5"]
[White "Lazavik, Denis"]
[Black "Issani, Nameer"]
[Result "1-0"]
[WhiteElo "2436"]
[BlackElo "2070"]
[Annotator "TA"]
[PlyCount "91"]
[EventDate "2020.12.19"]
[EventType "k.o."]
[EventCountry "NET"]
[SourceTitle "playchess.com"]
[Source "ChessBase"]
[SourceQuality "1"]

{[%evp 15,91,33,27,22,22,14,17,16,16,20,10,0,5,0,85,93,77,36,45,37,91,60,95,66,64,60,59,60,90,77,162,161,137,153,135,145,160,156,160,160,151,156,223,237,311,327,435,428,433,419,459,454,662,658,717,719,707,703,706,675,679,673,673,664,564,537,802,787,1455,1258,1469,1399,2864,2374,2789,2177,6111,5624]} 1. d4 Nf6 2. c4 e6 3. Nf3 d5 4. Nc3 Nbd7 5. Bg5 Be7 6. e3 h6 7. Bh4 Ne4 8. Bxe7 Qxe7 9. Rc1 {D53: Queen's Gambit Declined: 4 Bg5 Be7: Early deviations.} c6 10. Nxe4 (10. Bd3 {keeps more tension.} Nxc3 11. Rxc3 dxc4 12. Bxc4 e5 13. O-O) 10... dxe4 11. Nd2 {The position is equal.} f5 12. Qh5+ Qf7 13. Qxf7+ Kxf7 14. c5 Nf6 (14... e5 $11 {keeps the balance.}) 15. Nc4 $16 {[#]} Ke7 $146 ({Predecessor:} 15... g5 16. h4 g4 17. g3 h5 18. Be2 Ke7 19. O-O Bd7 20. a4 Nd5 21. Ne5 Be8 {½-½ (42) Hertel,O (2055)-Lezovic,M (1790) Slovakia 2013}) 16. b4 Bd7 17. Be2 g5 (17... b5 $14 18. Ne5 Rhb8) 18. Ne5 {Black must now prevent Ng6+.} Rhg8 19. Kd2 a5 20. b5 cxb5 21. Nxd7 Kxd7 {White stays focused until the end.} 22. Bxb5+ Kc7 (22... Ke7 $16 {keeps fighting.}) 23. Bc4 $18 Nd5 24. Rb1 f4 25. Bxd5 exd5 $16 {[%mdl 4096] Endgame KRR-KRR} 26. Rb6 Ra6 27. Rhb1 Rxb6 28. Rxb6 {KR-KR} Rf8 (28... fxe3+ $16 29. Kxe3 (29. fxe3 h5 $16) 29... h5) 29. Rxh6 $18 fxe3+ 30. Kxe3 Rf5 31. Re6 Rf8 32. Re5 g4 33. Rxd5 {White is clearly winning.} Rh8 (33... Rg8 $142 34. a4 Rh8) 34. Rg5 Rxh2 35. Rxg4 Rh1 36. Kxe4 Ra1 37. Rg7+ Kc6 38. Rg6+ Kc7 39. f4 Rxa2 40. f5 Rf2 41. g4 Rh2 42. Rg8 Kc6 43. Ra8 Kb5 44. f6 Rf2 45. g5 a4 46. g6 {Weighted Error Value: White=0.05/Black=0.34} 1-0

[Event "FIDE Online-ch U14 Open 2020"]
[Site "Online"]
[Date "2020.12.19"]
[Round "1.6"]
[White "Soderstrom, Adrian"]
[Black "Daneshvar, Bardiya"]
[Result "0-1"]
[WhiteElo "2258"]
[BlackElo "2399"]
[Annotator "TA"]
[PlyCount "154"]
[EventDate "2020.12.19"]
[EventType "k.o."]
[EventCountry "NET"]
[SourceTitle "playchess.com"]
[Source "ChessBase"]
[SourceQuality "1"]

{[%evp 12,153,33,14,27,0,15,3,16,12,6,0,30,0,0,-37,0,-13,0,-127,-121,-132,-76,-52,-63,-82,-75,-286,-281,-278,-285,-299,-310,-383,-339,-435,-433,-365,-305,-444,-433,-497,-492,-468,-366,-440,-419,-514,-491,-481,-475,-583,-448,-424,-331,-416,-377,-403,-368,-354,-337,-441,-441,-422,-324,-419,-290,-438,-438,-438,-437,-574,-391,-520,-493,-504,-487,-514,-437,-522,-514,-567,-533,-829,-829,-843,-843,-853,-852,-1135,-1135,-1135,-1125,-1135,-1103,-5423,-5367,-2265,-1878,-11954,-5716,-29979,-29980,-29981,-29982,-29982,-29983,-29982,-29983,-29985,-29986,-29987,-29987,-29987,-29988,-29987,-29987,-29987,-29988,-29988,-29989,-29989,-29990,-29990,-29991,-29991,-29991,-29994,-29993,-29996,-29994,-29994,-29995,-29995,-29990,-29992,-29990,-29992,-29991,-29996,-29997,-29999,-29999,-29999]} 1. e4 c6 2. d4 d5 3. e5 Bf5 4. Nf3 e6 5. Be2 Nd7 6. O-O Ne7 {6...Bg6 is the modern continuation.} 7. Nh4 Be4 {B12: Caro-Kann: Advance Variation.} 8. Nd2 c5 9. Nxe4 dxe4 {The position is equal.} 10. c3 {White wants to play Qc2.} Nc6 {[#] Hoping for ...cxd4.} 11. g3 Be7 12. Ng2 Qb6 13. Be3 Qxb2 14. Rb1 Qxc3 {[%cal Rc5d4]} 15. Rxb7 (15. d5 $11 {remains equal.} exd5 16. Nf4 Qxe5 17. Nxd5) 15... cxd4 $17 16. Bb5 {[#]} O-O $146 (16... Ndxe5 $142 17. Bd2 Qa3) ({Predecessor:} 16... Rd8 17. Bd2 Qc5 18. Qa4 Ncxe5 19. Bxd7+ Nxd7 20. Ba5 Qc8 21. Rfb1 O-O 22. Rc7 Qa6 23. Rxd7 Rxd7 24. Qxd7 Qxa5 25. Qxe7 Qxa2 {1-0 (54) Mazur,S (2370)-Pacher,M (2477) Banska Stiavnica 2015}) 17. Rxd7 {Black must now prevent Bd2.} dxe3 18. Bxc6 {[#]} Rad8 $1 {[%cal Ba8d8,Bd8d7,Bd7d2][%mdl 32]} 19. Bxe4 $2 {White does not recover from this.} (19. Qe2 $17 Rxd7 20. Bxd7 exf2+ 21. Kh1 (21. Qxf2 $2 Bc5 $19)) 19... e2 $1 $19 {[%cal Re2d1][%mdl 64] Deflection} 20. Qxe2 Rxd7 21. Nf4 g6 22. Bb1 Bg5 23. Ng2 Rd2 24. Qe4 Qd4 25. Qb7 (25. Qxd4 $142 Rxd4 26. Ne1) 25... Bd8 26. Ne3 Bb6 {And now ...Rxf2! would win.} 27. Qf3 Bc7 28. h4 h5 29. Rc1 Bxe5 30. Kg2 Qb2 31. Rf1 {Now Nc4 and White clings on.} Rd4 32. Qc6 Qb6 33. Qf3 Qb8 34. Re1 Bg7 35. Bc2 Qa8 36. Rb1 Qxf3+ 37. Kxf3 Rd7 38. Rb5 Bd4 39. Ba4 (39. Nc4 $142) 39... Bxe3 40. Kxe3 {[%mdl 4096] Endgame KRR-KRB} Rfd8 41. Kf3 Rc7 42. Bb3 Kg7 43. Rb4 Rd6 44. Rf4 Rc3+ 45. Kg2 Rd2 46. Rb4 Rc5 47. Kf1 Rf5 48. f4 e5 49. Ke1 Rd4 50. Rxd4 exd4 {KR-KB} 51. Kd2 Rc5 52. Bd1 f5 53. Bc2 Rc3 54. Bd3 Ra3 55. Bc4 Rxg3 56. a4 Rg4 {Black mates.} 57. a5 Rxf4 58. Bd5 Rxh4 59. Kd3 Kf6 60. a6 Ke5 61. Bb7 {Cut Off at move 61} Rg4 62. Ke2 Rg3 63. Kd2 Rb3 64. Kc2 Rb6 65. Kd2 h4 66. Ke2 g5 67. Kf2 g4 68. Ke2 Kf4 69. Kf2 h3 70. Kg1 Kg3 {[%cal Rb6b1]} 71. Kf1 Re6 72. Bd5 Rxa6 73. Bc4 Ra1+ 74. Ke2 h2 75. Kd2 h1=Q {[%csl Ga1][%cal Rh1d1]} 76. Bd3 Qc1+ 77. Ke2 Qe3# {Weighted Error Value: White=0.60/Black=0.30} 0-1

[Event "FIDE Online-ch U14 Open 2020"]
[Site "Online"]
[Date "2020.12.19"]
[Round "1.7"]
[White "Guo, Arthur"]
[Black "Khubukshanov, Erdem"]
[Result "0-1"]
[WhiteElo "2358"]
[BlackElo "2293"]
[Annotator "TA"]
[PlyCount "50"]
[EventDate "2020.12.19"]
[EventType "k.o."]
[EventCountry "NET"]
[SourceTitle "playchess.com"]
[Source "ChessBase"]
[SourceQuality "1"]

{[%evp 9,50,13,38,13,20,0,8,0,0,0,0,-9,0,0,0,0,0,0,0,0,20,-45,-38,-27,-29,-196,-172,-450,-464,-441,-432,-852,-797,-1517,-1379,-29991,-29991,-29992,-29993,-29995,-29992,-29996,-29993]} 1. b3 d5 2. Bb2 c5 3. e3 Nc6 4. Nf3 Nf6 5. Bb5 Qc7 6. Ne5 {A06: Réti Opening: 1 Nf3 d5.} e6 7. Bxc6+ bxc6 8. d3 {The position is equal.} Bd6 9. f4 O-O 10. Nd2 Nd7 11. Nxd7 Bxd7 12. O-O f6 13. Qh5 Rae8 14. Nf3 d4 {[#]} 15. g3 $146 (15. Nd2 $11) ({Predecessor:} 15. exd4 cxd4 16. f5 c5 17. fxe6 Bxe6 18. Rae1 Bf4 19. Bc1 Bxc1 20. Rxc1 Bf7 21. Qh4 {0-1 (45) Busch,H-Zehfuss,H Germany 1993}) 15... e5 $15 16. fxe5 Bxe5 17. exd4 $2 {[#] White does not recover from this.} (17. Qh4 $11) 17... Bxg3 $1 $19 {...Re2 is the strong threat.} 18. Ne5 $2 ({Not} 18. hxg3 $2 Qxg3+ 19. Kh1 Bg4 $19) (18. Kh1 {keeps fighting.} g6 19. Qh6) 18... fxe5 19. hxg3 exd4 20. Qg5 (20. Qh2 $142 Qe5 21. Rf2) 20... h6 21. Qg6 Qe5 22. Rf4 Qe3+ {Black mates.} 23. Kh1 Rxf4 24. gxf4 Qh3+ 25. Kg1 Re3 {Weighted Error Value: White=1.15/Black=0.03} 0-1

[Event "FIDE Online-ch U14 Open 2020"]
[Site "Online"]
[Date "2020.12.19"]
[Round "1.8"]
[White "Pranav Vijay"]
[Black "Klimkowski, Jan"]
[Result "1-0"]
[WhiteElo "2265"]
[BlackElo "2305"]
[Annotator "TA"]
[PlyCount "121"]
[EventDate "2020.12.19"]
[EventType "k.o."]
[EventCountry "NET"]
[SourceTitle "playchess.com"]
[Source "ChessBase"]
[SourceQuality "1"]

{[%evp 21,121,15,42,10,0,0,0,0,13,7,1,1,1,4,0,0,72,56,63,91,62,17,2,0,0,0,77,17,14,10,17,9,9,0,0,0,0,0,0,0,0,0,6,12,22,0,0,0,0,0,6,0,0,-30,-5,-552,-548,-848,-830,-846,-854,-799,-789,-1115,-760,-1408,-1395,-1310,-1329,-1226,-1224,-1219,-1162,-1168,-1067,-839,-132,-161,-133,-250,-122,-114,-126,-107,0,-4678,-4134,-1863,14,17,40,41,29980,29981,29981,29982,29982,29983,29985,29986,29985,29986]} 1. e4 c5 2. Nf3 d6 3. d4 cxd4 4. Nxd4 Nf6 5. Nc3 a6 6. Be2 e5 7. Nb3 Be7 8. O-O O-O 9. Kh1 b5 {[%cal Bb7b5,Bb5b4][%mdl 32]} 10. a4 b4 11. Nd5 Bb7 12. Nxe7+ {B92: Sicilian Najdorf: 6 Be2.} Qxe7 13. f3 d5 14. exd5 {The position is equal.} Bxd5 15. Bg5 Rd8 16. Qe1 Nc6 17. Rd1 h6 18. Bh4 {[#]} e4 $146 (18... a5 $11 {remains equal.}) ({Predecessor:} 18... g5 19. Bf2 e4 20. Bb6 exf3 21. Bxf3 Qxe1 22. Rdxe1 Re8 23. Be2 Ne4 24. Bd3 f5 {1-0 (76) Womacka,M (2445)-Pruess,D (2425) Gausdal 2008}) 19. Bxf6 $16 gxf6 20. fxe4 Bxe4 21. Rxd8+ Rxd8 22. Bxa6 Bxc2 23. Qf2 Be4 (23... Bxb3 $11 {keeps the balance.} 24. Qg3+ {[%mdl 64] Double Attack} Kh7 25. Qxb3 Rd2) 24. Nc5 (24. Re1 $16) 24... Bg6 $1 $11 25. h3 Rd5 26. Nb3 Kg7 27. Bb5 Ne5 28. Nd4 Qd6 29. Nf5+ Bxf5 $1 30. Qxf5 Ng6 31. Qf3 Rg5 32. Qc6 Qd4 33. b3 Nh4 34. Qc4 Qd2 {[%csl Gg5,Gh4][%cal Rd2g2]} 35. Qe2 Qc3 36. Qc4 Qg3 {[%csl Gg5,Gh4][%cal Rg3g2]} ({But not} 36... Nxg2 $6 37. Qxc3 bxc3 38. Rc1 $16) 37. Qc6 Qe5 $40 {[%mdl 128] Black attacks.} 38. Rg1 $2 {[%mdl 8192]} (38. Rf2 $11 {and White has nothing to worry.}) 38... Nf5 $19 39. g4 Ng3+ 40. Kg2 Ne4 {( -> ...Qg3+)} 41. Kf3 f5 {Strongly threatening ...Qh2!} 42. Qc1 Rg6 43. Qf4 Ng5+ {[%mdl 64] Double Attack} 44. Kg3 Qc3+ {[%mdl 64] Double Attack} 45. Kg2 Qxh3+ 46. Kf2 fxg4 {Hoping for ...Rf6!} 47. Qxg4 Qxb3 48. Qd4+ Rf6+ $2 (48... Kg8 $19 {and Black stays clearly on top. ...Nh3+ is the strong threat.} 49. Rxg5 Qc2+ 50. Kf3 hxg5) 49. Ke2 $17 Qc2+ 50. Ke1 (50. Ke3 $17) 50... Qh2 (50... Qa2 $1 $19 {has better winning chances. Threatens to win with ...b3.} 51. Bd3 Qxa4) 51. a5 b3 $1 {And now ...Qa2 would win.} 52. a6 Qa2 (52... b2 $1 $17 {[%cal Rb2b1]} 53. Bd3 Qd6 54. Qxd6 b1=Q+ 55. Bxb1 Rxd6) 53. Rf1 $2 {[%mdl 8192]} (53. Bc4 $11) 53... Qb1+ $1 $19 54. Kd2 {[#]} Qc2+ $2 ({Black should try} 54... Qxf1 $1 $19 {[%mdl 512]} 55. Bxf1 Nf3+ {[%mdl 64] Double Attack} 56. Kc3 Nxd4) 55. Ke3 $11 Ne4 {[#] Threatening ...b2.} 56. Bd3 $1 {[%mdl 512]} Qd2+ $2 {[%mdl 8192]} (56... Qg2 $14 57. a7 (57. Qxe4 Re6 $17 {[%mdl 64] Pin}) 57... b2) 57. Kxe4 {White mates.} Qg2+ 58. Ke3 Qg3+ 59. Kd2 Qg2+ {[#]} 60. Kc3 $1 Qc6+ 61. Kb2 {Accuracy: White = 65%, Black = 66%.} 1-0

[Event "FIDE Online-ch U14 Open 2020"]
[Site "Online"]
[Date "2020.12.19"]
[Round "2.1"]
[White "Gukesh D"]
[Black "Pranav Vijay"]
[Result "1-0"]
[WhiteElo "2563"]
[BlackElo "2265"]
[Annotator "RC"]
[PlyCount "95"]
[EventDate "2020.12.19"]
[EventType "k.o."]
[EventCountry "NET"]
[SourceTitle "playchess.com"]
[Source "ChessBase"]
[SourceQuality "1"]

1. e4 {[%emt 0:00:00]} e5 {[%emt 0:00:06]} 2. Nf3 {[%emt 0:00:03]} Nc6 {[%emt 0:00:02]} 3. Bb5 {[%emt 0:00:01]} a6 {[%emt 0:00:03]} 4. Ba4 {[%emt 0:00:02]} Nf6 {[%emt 0:00:06]} 5. O-O {[%emt 0:00:02]} b5 {[%emt 0:00:15]} 6. Bb3 {[%emt 0:00:02]} Bc5 {[%emt 0:00:01]} 7. a4 {[%emt 0:00:02]} Rb8 {[%emt 0:00:02]} 8. c3 {[%emt 0:00:01]} d6 {[%emt 0:00:03]} 9. d4 {[%emt 0:00:02]} Bb6 {[%emt 0:00:01]} 10. a5 {[%emt 0:00:01]} Ba7 {[%emt 0:00:03]} 11. h3 {[%emt 0:00:02]} O-O {[%emt 0:00:08]} 12. Be3 {[%emt 0:00:03]} Ra8 {[%emt 0:00:02]} 13. Qe2 {[%emt 0:00:35]} Re8 {[%emt 0:00:48]} 14. Nbd2 {[%emt 0:01:03]} h6 {[%emt 0:00:57]} 15. Rfd1 {[%emt 0:01:31]} Qe7 {[%emt 0:00:48]} 16. d5 {[%emt 0:01:35]} Bxe3 {[%emt 0:00:08]} 17. Qxe3 {[%emt 0:00:01]} Nd8 {[%emt 0:01:15]} 18. c4 {[%emt 0:01:03]} bxc4 {[%emt 0:03:09]} 19. Nxc4 {[%emt 0:01:21]} Nh5 {[%emt 0:00:09]} 20. Rdc1 {[%emt 0:02:44]} Nf4 {[%emt 0:00:45]} 21. Ncd2 {[%emt 0:01:11]} Rf8 {[%emt 0:05:37]} 22. Rc3 {[%emt 0:02:13]} Nb7 {[%emt 0:01:35]} 23. Bc4 {[%emt 0:01:11]} Nc5 {[%emt 0:00:19]} 24. b4 {[%emt 0:00:28]} Nd7 {[%emt 0:00:03]} 25. Bf1 {[%emt 0:00:16]} Nf6 {[%emt 0:00:05]} 26. Rac1 {[%emt 0:00:06]} Ne8 {[%emt 0:00:04]} 27. b5 {[%emt 0:02:47]} axb5 {[%emt 0:00:37]} 28. Bxb5 {[%emt 0:00:02]} Bd7 {[%emt 0:00:54]} 29. Bxd7 {[%emt 0:00:48]} Qxd7 {[%emt 0:00:03]} 30. Nc4 {[%emt 0:00:02]} Qe7 {[%emt 0:01:09]} 31. g3 {[%emt 0:00:23]} Nxh3+ {[%emt 0:00:11]} 32. Kg2 {[%emt 0:00:01]} Ng5 {[%emt 0:00:01]} 33. Nxg5 {[%emt 0:00:01]} hxg5 {[%emt 0:00:00]} 34. g4 {[%emt 0:00:17]} Qd7 {[%emt 0:00:36]} 35. Qh3 {[%emt 0:00:17]} Nf6 {[%emt 0:00:14]} 36. Ne3 {[%emt 0:00:08]} g6 {[%emt 0:00:28]} 37. Rh1 {[%emt 0:00:05]} Nh5 {[%emt 0:00:07]} 38. gxh5 {[%emt 0:00:03]} Qxh3+ {[%emt 0:00:01]} 39. Rxh3 {[%emt 0:00:01]} Rxa5 {[%emt 0:00:03]} 40. Rxc7 {[%emt 0:00:03]} Ra4 {[%emt 0:00:04]} 41. Ng4 {[%emt 0:00:04]} Kg7 {[%emt 0:00:04]} 42. hxg6 {[%emt 0:00:04]} Kxg6 {[%emt 0:00:02]} 43. f3 {[%emt 0:00:21]} Ra2+ {[%emt 0:00:04]} 44. Kg3 {[%emt 0:00:01]} Rb8 {[%emt 0:00:01]} 45. Rh6+ {[%emt 0:00:07]} Kg7 {[%emt 0:00:02]} 46. Rf6 {[%emt 0:00:02]} Rb1 {[%emt 0:00:11]} 47. Rfxf7+ {[%emt 0:00:03]} Kh8 {[%emt 0:00:01]} 48. Rf8# {[%emt 0:00:01]} 1-0